000 01784nam a2200277 4500
003 BOFEUTO
005 20260512142304.0
008 260504t2025 bo a gr 001 | spa d
040 _6BOFEUTO
_aBOFEUTO
_cBOFEUTO
041 _aspa
044 _abo
082 _aTE6285
_bC743e
100 _aCondori Salvador, Juleisy
_eautor
245 _aEstrategias de Email Marketing para oferta de servicios de hospedaje del "Gran Sucre Hotel" de la ciudad de Oruro /
_cJuleisy Condori Salvador, Eudoro Jambler Fuentes Sotomayor
260 _aOruro :
_bs/n,
_c2025.
300 _a105 hojas ;
_btabl., gráf. ;
_c28.5 cm.
500 _aIncluye bibliografía, anexos.
502 _aTesis Dirigida, (Licenciatura) -- Universidad Técnica de Oruro, Facultad de Ciencias Económicas, Financieras y Administrativas, Carrera Administración de Empresas, 2025.
520 _aEl objeto de estudio de esta investigación se centra en identificar los elementos del Email Marketing que pueden ser utilizados para diseñar estrategias efectivas que oferten los servicios de hospedaje del GRAN SUCRE HOTEL. La problemática existente radica en la falta de una estrategia clara y efectiva en la comunicación digital, lo que se traduce en una baja interacción con los clientes y en la pérdida de oportunidades de negocio. A través de esta investigación, se busca proponer soluciones que permitan al hotel mejorar su comunicación y, por ende, aumentar sus reservas.
650 _aAdministración
653 _aMarketing
653 _aEmail Marketing
700 _aFuentes Sotomayor, Eudoro Jambler
_etutor
942 _2ddc
_cTE
_n0
942 _n0
_2ddc
999 _c16144
_d16144